000 00789nam a22002537a 4500
001 BD-DhSAU 5172
003 BD-DhSAU
005 20150412114636.0
008 150412b1991 enka|||| |||| 001 0 eng d
020 _a1852931566
040 _aBD-DhSAU
082 _222
_a577.1
_bINN
245 _aInnovation and environment risk /
_cEdited by Lewis Roberts, Albert Weale & University of East Anglia
260 _aLondon :
_bBelhaven Press ,
_cc1991.
300 _axiii, 186 p. :
_bill. ;
_c23 cm.
504 _aIncludes bibliographical references & index.
590 _aJerin
650 _aProducts liability
650 _a Technological innovations.
650 _aRisk management.
700 _aEdited by Roberts, Lewis
700 _aWeale, Albert
710 _aUniversity of East Anglia
942 _2ddc
_cBOOK
999 _c5172
_d5172